000 00473cam a2200181ua 4500
003 OSt
008 250104b |||||||| |||| 00| 0 eng d
020 _a81 204 0057 7
041 _aeng
082 _a621.381
_bRAM/LA
100 _aRamalingam, T .
_96772
245 _aLaboratory course in electronics /
250 _a1 /
260 _aNew Delhi :
_bOxford & IBH Publishing company ,
_c1987.
300 _a243 ; .
700 1 _aRaghupalan, P .
_96773
942 _cBK
999 _c9014
_d9014